Super Smash Bros - Sudden Death - Statistics

General Stats
  • This quiz has been taken 679 times
  • The average score is 12 of 16
Answers on the Grid
Answers color-coded by a green-red scale on the quiz's grid according to % correct below.
Link
Ice Climbers
Naruto
Minecraft Steve
Skull Trooper
Wario
Baldi
Pac-Man
Luigi
Goku
Aang
Tails
Ryu
Eggman
Sonic
Captain America
Gengar
Donkey Kong
Captain Falcon
WALL-E
Palutena
Jigglypuff
Dark Pit
Master Chief
Bane
Wolf
Cuphead
Ike
Mickey Mouse
Crash Bandicoot
Kazuya
Snoopy
 
Answer Stats
Answer % Correct
Link
94%
Luigi
91%
Wario
90%
Ice Climbers
85%
Pac-Man
82%
Donkey Kong
81%
Minecraft Steve
80%
Sonic
79%
Captain Falcon
76%
Jigglypuff
75%
Ryu
75%
Dark Pit
71%
Ike
71%
Wolf
69%
Palutena
68%
Kazuya
60%
No matching quizzes found
Score Distribution
Percent of People with Each Score
Percentile by Number Answered
Your Score History
You have not taken this quiz